000 00709nam a2200289Ia 4500
005 20260324123410.0
008 008 260324s9999 xx 000 0 eng d
020 _a9780429252570
037 _aEBOOK
040 _aCRL
040 _beng
040 _cCRL
041 _2eng
041 _aeng
084 _qCRL
100 _aJames Lasley
_91170153
245 0 _aLos Angeles Police Department Meltdown
245 4 _bThe Fall of the Professional-Reform Model of Policing
260 _bTaylor and Francis
260 _c2012
365 _a
365 _b230
856 _uhttp://www.taylorfrancis.com/books/9780429252570
942 _cEBOOK
999 _c1763657
_d1763657